| 000 | 00888nas a2200265 4500 | ||
|---|---|---|---|
| 001 | BR2017001873 | ||
| 003 | BR-BrBNA | ||
| 005 | 20231205131036.0 | ||
| 007 | ta | ||
| 008 | 230509b bl.|||p| |||| 00| 00por d | ||
| 040 |
_aBR-BrBNA _bpor _cBiblioteca Nacional de Agricultura |
||
| 041 | _a(En) | ||
| 072 | _aH10 | ||
| 100 | 1 | _aTorres, F.R. | |
| 100 | 1 | _aMadi-Ravazzi, L. | |
| 110 | 1 |
_aFundação Zoobotânica do Rio Grande do Sul, Porto Alegre (Brasil) _95072 |
|
| 245 | 1 | _aSeasonal variation in natural populations of Drosophila spp. (Diptera)in two woodlands in the State of São Paulo, Brazil | |
| 650 | _aMOSCA | ||
| 650 | _aINSETO | ||
| 650 | _aPRAGA DE PLANTA | ||
| 650 | _aTAXONOMIA | ||
| 773 | 0 |
_tIheringia. Série Zoologia (Brazil) _xISSN 0073-4721 _g(Dec 2006), v. 96(4) p. 437-444 _wBR2017001873 |
|
| 909 |
_a202311 _bLúcia _c55 _dLúcia Elande |
||
| 942 |
_2AGRIS _n0 _cANA |
||
| 999 |
_c252719 _d252719 |
||